-
WALLER, PATRICK AND WOOLRYCH, MIRA HARRISON
Entry Personal Name
Number of records used in: 1
001 - CONTROL NUMBER
003 - CONTROL NUMBER IDENTIFIER
005 - DATE AND TIME OF LATEST TRANSACTION
- control field:
20230415111922.0
008 - FIXED-LENGTH DATA ELEMENTS
- fixed length control field:
230415|| aca||aabn | a|a d
040 ## - CATALOGING SOURCE
- Original cataloging agency:
JRU
- Transcribing agency:
JRU
100 ## - HEADING--PERSONAL NAME
- Personal name:
WALLER, PATRICK AND WOOLRYCH, MIRA HARRISON
670 ## - SOURCE DATA FOUND
- Source citation:
Work cat.: (JRU)8295: WALLER, PATRICK AND WOOLRYCH, MIRA HARRISON , AN INTRODUCTION TO PHARMACOVIGILANCE